LEADER 01946nam0 22003373i 450 001 IEIE009074 005 20251003044202.0 012 $aaee. ralo o.ed dime (3) 1804 (R)$2fei 100 $a20070424d1804 ||||0itac50 ba 101 | $aita 102 $ait 181 1$6z01$ai $bxxxe 182 1$6z01$an 200 1 $aGeografia universale del padre Claudio Buffier della Compagnia di Giesł. Tradotta dal Francese nell'Italiano. Edizione decimaquarta corretta ed accresciuta ... Con un nuovo Trattato della sfera, e di una Dissertazione sopra l'origine, e progresso della geografia. Del padre Francesco Jacquier ... 210 $aIn Napoli$ca spese di Luigi Migliaccio$d1804 215 $a460 p., 20 c. di tav. ripieg.$cc. geogr.$d8° 300 $aSegn.: A-S12, T14. 316 $a1 v. - Sul frontespizio timbro di possesso (Ex Libris Domenico Demarco)$5IT-BN0095 , DEMARCO FONDO RARI A 134 620 $aIT$dNapoli$3TO0L002386 700 1$aBuffier$b, Claude$f <1661-1737>$3LO1V130055$4070$0328483 702 1$aJaquier$b, Francesco$3URBV131934 712 02$aMigliaccio, Luigi$c $3NAPV078154$4650 801 3$aIT$bIT-000000$c20070424 850 $aIT-BN0095 $aIT-AV0003 901 $bNAP AR$cF. ANTICO $n$ 901 $bNAP 01$cDEMARCO $n$ 912 $aIEIE009074 950 0$aBiblioteca Centralizzata di Ateneo$c1 esemplare$d 01DEMARCO FONDO RARI A 134$e 01 0000115305 VMA 1 v. - Sul frontespizio timbro di possesso (Ex Libris Domenico Demarco)$fB $h20230620$i20230911 977 $a 01$a AR 996 $aGeografia universale del padre Claudio Buffier della Compagnia di Giesł. Tradotta dal Francese nell'Italiano. Edizione decimaquarta corretta ed accresciuta ... Con un nuovo Trattato della sfera, e di una Dissertazione sopra l'origine, e progresso della geografia. Del padre Francesco Jacquier ..$93551699 997 $aUNISANNIO